Manga to Mangaka - Quiz - Statistics

General Stats
  • This quiz has been taken 142 times
    139 since last reset
  • The average score is 12 of 34
Answer Stats
Manga Mangaka % Correct
One Piece Eiichiro Oda
97%
Dragon Ball Akira Toriyama
87%
Naruto, Boruto, Samurai 8 Masashi Kishimoto
79%
Bleach, Burn The Witch Tite Kubo
74%
Attack on Titan Hajime Isayama
69%
Hunter X Hunter, Yu Yu Hakusho Yoshihiro Togashi
62%
Berserk Kentaro Miura
61%
JoJo's Bizarre Adventure, Baoh Hirohiko Araki
59%
Jujutsu Kaisen Gege Akutami
57%
Monster, 20th Century Boys, Pluto Naoki Urasawa
56%
Chainsaw Man Tatsuki Fujimoto
55%
Uzumaki, Gyo, Tomie, Shiver Junji Ito
50%
My Hero Academia, Barrage Kohei Horikoshi
44%
Hauro's Moving Castle, Nausicaä, Princess Mononoke Hayao Miyazaki
43%
Tokyo Ghoul Sui Ishida
43%
Death Note, Bakuman, All You Need Is Kill, Platinum End Takeshi Obata
40%
What a wonderful world, Goodnight Punpun Inio Asano
30%
Tokyo Revengers Ken Wakui
24%
Akira Katsuhiro Otomo
23%
Black Clover Yuki Tabata
20%
Grappler Baki Keisuke Itagaki
19%
Beastars Paru Itagaki
19%
Dorohedoro Q Hayashida
19%
Biomega, Knights of Sidonia, BLAME! Tsutomu Nihei
18%
Soul Eater, Fire Force Atsushi Ohkubo
17%
Sailor Moon Naoko Takeuchi
13%
The Promised Neverland Demizu Posuka
8%
Green Blood, Rainbow, Hideout Masasumi Kakizaki
7%
Solo Leveling Chugong
5%
Parasyte Hitoshi Iwaaki
5%
Black Lagoon, Phantom Bullet, SHOOK UP! Rei Hiroe
4%
Banana Fish Akimi Yoshida
3%
Big Order, Mirai Nikki Sakae Esuno
3%
Jagaaaaaan Kensuke Nishida
1%
No matching quizzes found
Score Distribution
Percent of People with Each Score
Percentile by Number Answered
Your Score History
You have not taken this quiz since the last reset